00535nam a22001811a 450000100060000000300080000600500170001400800410003103500190007204000400009104100080013108200200013910000190015924500290017826000530020730000610026060000320032117786BD-RjUL20211209000207.0140219r1966 enkaf 000 0deng u a(BD-RjUL)17844 aCStRLINbengdANLdBD-RjULcCStRLIN aeng a759.4bFOS 19661 aForge, Andrew.10aSoutine /cAndrew Forge. aLondon :bSpring Books,cc1965 [Reprinted 1966]. a43 p., [47] leaves of plates :bill. (48 col.) ;c27 cm.10aSoutine, Chaim,d1893-1943.